000 00711nam a2200289Ia 4500
005 20260324120158.0
008 008 260324s9999 xx 000 0 eng d
020 _a9781315750231
037 _aEBOOK
040 _aCRL
040 _beng
040 _cCRL
041 _2eng
041 _aeng
084 _qCRL
100 _aMaria Stubbe; Janet Holmes
_91157545
245 0 _aPower and Politeness in the Workplace
245 2 _bA Sociolinguistic Analysis of Talk at Work
260 _bTaylor and Francis
260 _c2015
365 _a
365 _b280
856 _uhttp://www.taylorfrancis.com/books/9781315750231
942 _cEBOOK
999 _c1748922
_d1748922